00625nam a2200193Ia 4500008004100000020001400041082001700055100002000072245006800092250000700160260004500167300003000212500001900242600002000261650002000281942000700301952010800308999001500416240925s9999 xx 000 0 und d a130952842 a363.3497 YOU aYourdon, Edward 0aTime Bomb 2000: what the year 2000 computer crisis means to you aNA aNew Jersey:bPrintice- Hall Int.c,1998. axxiii,839p.bNAfOriginal aIncludes Index aSocial Sciences aSocial Sciences cBK 001040708SSaUITUbUITUd2001-02-20eNAl0o363.3497 YOUpQ3508r2024-09-25 07:13:10w2024-09-25yBK c6007d6007